| 000 | 00703nam a22001697a 4500 | ||
|---|---|---|---|
| 003 | OSt | ||
| 005 | 20171010095440.0 | ||
| 008 | 120608t xxu||||| |||| 00| 0 eng d | ||
| 040 |
_aMMSU _cULS |
||
| 100 |
_aAgorilla, Charisse D. _910106 |
||
| 245 |
_aCommunication strategies in promoting residents' participation in the eco-solid waste management program in barangay santiago, Solsona, Ilocos Norte _cCharisse D. Agorilla |
||
| 260 | _c2007 | ||
| 300 |
_axiii, 48 leaves _c28 cm. |
||
| 500 | _aThesis (BS Development Communication) -- Mariano Marcos State University-College of Agriculture, Food and Sustainable Development, Batac City | ||
| 504 | _aBibliography: leaves 36-37 | ||
| 942 |
_2ddc _cTHEDIS |
||
| 999 |
_c9544 _d9544 |
||